| Virtuální polytechnická knihovna - Souborný katalog - Úplný záznam dokumentu - MARC |
Uživatel: --- |
-----nas 22-----zu 4500
001 SKVPK0031897
003 CZ-VPK
005 20260423134423.0
008 260423d19601970||||| | ||| || |||||||
022 $a0550-3329
040 $aABA013$bcze
222 0$aNucleus : La revue scientifique$b(á l age atomique)
245 00$aNucleus : La revue scientifique (á l age atomique)
260 $aFrance :$bParis : Nucleus,$c1960-1970
650 07$afyzika$xfy$2psh
780 00$tRevue scientifique$x0370-4556
785 00$tRecherche$x0029-5671
910 $aABA013$r1960-1968, 1970
| čtvrtek 14.05.2026 01:20:23 |
© 2001-2015 Národní technická knihovna |
[Virtuální polytechnická knihovna]
[Servisní centrum]
[Souborný katalog]